| 000 | 01043nam a22002777a 4500 | ||
|---|---|---|---|
| 003 | URS | ||
| 005 | 20260223134922.0 | ||
| 008 | 260216b |||||||| |||| 00| 0 eng d | ||
| 020 | _a9789718219966 | ||
| 040 | _cURS | ||
| 050 |
_aPL 5531 _b.So75 2022 |
||
| 100 |
_a Bernales, Rolando A. _eAuthor |
||
| 245 |
_aSosyedad at literatura : _cRolando A. Bernales, Reynele Bren G. Zafra, Crizel Sicat-De Laza, Elimar A. Ravina, Marilou S. Matilla, Jennifer S. Hernandez, Emeliza T. Cruz. _b(o Panitikang Panlipunan) / |
||
| 264 |
_aMalabon City : _bMutya Publishing House, Inc., _c©2022. |
||
| 300 |
_a256 pages : _billustrations ; _c24 cm. |
||
| 504 | _aIncludes bibliographical references. | ||
| 650 | _aWika at Lipunan | ||
| 650 | _aWika at Panitikan | ||
| 700 |
_aZafra, Reynele Bren G. _eAuthor |
||
| 700 |
_aSicat-De Laza, Crizel _eAuthor |
||
| 700 |
_aRavina, Elimar A. _eAuthor |
||
| 700 |
_aMatilla, Marilou S. _eAuthor |
||
| 700 |
_aHernandez, Jennifer S. _eAuthor |
||
| 700 |
_aCruz, Emeliza T. _eAuthor |
||
| 942 |
_2lcc _cF |
||
| 999 |
_c89373 _d89370 |
||